000 00537nam a2200181Ia 4500
003 STCL
008 181203s9999 xx 000 0 und d
020 _a9788126463947
040 _aSTCL
_bEN
_cSTCL
082 _222
100 _aPraveen Sankaramangalam; Amritharaj, G., Eds.
245 0 _aവിശ്വസാഹിത്യചൊൽക്കഥകൾ: വാല്യം 12
246 _aViswasahithya Cholkkathakal: Volume 12
260 _bDC Books
_aKottayam
_c2015
300 _a1024
546 _aMalayalam
942 _2ddc
_cBK
999 _c84686
_d84686